Lanean...

കുഞ്ഞമ്മയും കൂട്ടുകാരും /

Xehetasun bibliografikoak
Egile nagusia: ഉറൂബ് 1915-1979
Formatua: Printed Book
Hizkuntza:Malayalam
Argitaratua: കോഴിക്കോട്: പൂർണ പബ്ലിക്കേഷൻസ് , 2004. 2011.
കോട്ടയം : നാഷണൽ ബുക്ക് സ്റ്റാൾ , 1980.
Gaiak:
LEADER 01170nam a2200229Ia 4500
008 111204s1980 ii 000 f mal d
041 |a mal 
082 |a 853.26 
100 0 |a ഉറൂബ്   |9 23543  |d 1915-1979 
245 |a  കുഞ്ഞമ്മയും കൂട്ടുകാരും /  |c  ഉറൂബ്  
246 |a Kunjammayum Koottukarum 
260 |b പൂർണ പബ്ലിക്കേഷൻസ് ,   |a കോഴിക്കോട്:  |c 2004.  |c 2011. 
260 |b നാഷണൽ ബുക്ക് സ്റ്റാൾ ,   |a കോട്ടയം :  |c 1980. 
300 |a 88p. 
300 |a 109 
300 |a 88 Pages 
653 |a Malayalam Novel 
942 |c BK 
999 |c 227454  |d 227454 
952 |0 0  |1 0  |2 ddc  |4 0  |6 S_6R6  |7 0  |9 230429  |a MAL  |b MAL  |c SEC  |d 1972-10-18  |g 6.00  |j 127  |l 0  |o S6R6  |p MAL16242  |r 2015-04-13  |v 6.00  |w 2015-04-13  |y BK 
952 |0 0  |1 0  |2 ddc  |4 0  |6 853_260000000000000_KUN  |7 0  |9 251133  |a MAL  |b MAL  |c ST1  |d 1972-10-18  |g 0.00  |l 3  |o 853.26 KUN  |p MAL28953  |r 2018-05-04  |s 2018-03-01  |v 45.00  |w 2011-12-05  |y BK 
952 |0 0  |1 0  |2 ddc  |4 0  |6 853_260000000000000_KUN  |7 0  |9 254979  |a MAL  |b MAL  |c ST1  |d 2012-05-18  |g 70.00  |l 6  |o 853.26 KUN  |p MAL33769  |r 2018-02-26  |s 2018-02-15  |w 2012-05-18  |y BK